000 00629nam a2200241Ia 4500
003 OSt
005 20220924133326.0
006 a|||||r|||| 00| 0
007 ta
008 220923b |||||||| |||| 00| 0 tam d
024 _a264435
037 _cTextual
040 _aARTS
_cARTS
_btam
041 _2tam
_atam
082 _aV:351, 31P3
100 _aBhakthavathsala Reddy N.
_9206196
245 0 _aNathuppuraviyal kotpattu paorvaikal
260 _c2003
650 _a TAMIL LITERATURE
650 _aHISTORY
942 _hV:351, 31P3
_cTEXL
_2CC
999 _c433467
_d433467